000 00364nam a22001457a 4500
005 20251108172934.0
008 250721s1997 xx 000 0 eng d
082 1 4 _aJ/F/WIT
100 1 _awittmann, patricia
245 1 0 _abuffalo thunder /
264 1 _anew york :
_bmarshal cavendish,
_c1997.
650 1 7 _aENGLISH FICTION
942 _2ddc
_cBK
999 _c92324
_d92324